Dane a poddaní Urbárska regulácia Márie Terézie

Bibliographic Details
Main Author: Kohútová, Mária, 1945- (Author)
Format: Article
Language:Slovak
PhysicalDescription:Fotogr.
Subjects:

MARC

LEADER 00000nab a2200000 a 4500
001 vtls000641356
003 SK-MaSNL
005 20260304101321.0
008 250426c1997 xo 0 slo
015 |a SNBRB19rr/mm-uuuuu 
035 |a CL0641495 
035 |a urn:nbn:sk:snk-ab1j0t 
035 |a (urnnbn)urn:nbn:sk:snk:ar-0045du 
035 |a (uuid)92fa53d1-b5e9-4999-b0d8-b6f24ae5c9f6 
040 |a SNKBUCL  |b slo  |c SNKBUCL  |e AACR2 
041 0 |a slo 
044 |a xo  |c SK 
080 |a 940.2"1767/1773":943.92"1767/1773"  |2 1981 
080 |a 943.92"1767/1773"  |2 1981 
100 1 |a Kohútová, Mária,  |d 1945-  |4 aut  |9 100031 
245 1 0 |a Dane a poddaní  |b Urbárska regulácia Márie Terézie  |c Mária Kohútová 
300 |b Fotogr. 
600 0 7 |a Mária Terézia,  |c česká a uhorská kráľovna, cisárovná, manželka Františka Štefana I., rímskonemeckého cisára,  |d 1717-1780  |2 snkbucl  |9 124055 
650 0 7 |a urbárska regulácia  |2 snkbucl  |9 105402 
651 7 |a Uhorsko  |2 snkbucl  |9 28673 
773 0 |t Historická revue  |g Roč. 8, č. 9 (1997), s. 6-7 
850 |a Slovenská národná knižnica 
852 |a Slovenská národná knižnica 
954 |a odborná, vedecká literatúra pôvodná (slovenská)  |2 lita 
958 |a article27 
958 |a OND 
958 |a EUIPO 
999 |c 2841387  |d 2843317